|
|
|
|
| LEADER |
00000cam a2200000 a 4500 |
| 001 |
vtls001388379 |
| 003 |
SK-MaSNL |
| 005 |
20260301115728.0 |
| 008 |
230501s1979 xo drnp 0010m slo |
| 015 |
|
|
|a SNBA1979
|
| 020 |
|
|
|q (brožované)
|
| 035 |
|
|
|a SNK000342605
|
| 035 |
|
|
|a 38693897-3349-48B4-AD15-085D3CC47014
|
| 035 |
|
|
|a urn:nbn:sk:snk-am00idul
|
| 040 |
|
|
|a SNK
|b slo
|c SNK
|e AACR2
|
| 041 |
0 |
|
|a slo
|
| 044 |
|
|
|a xo
|c SK
|
| 072 |
|
7 |
|a 82.0
|x Literatúra (teória)
|2 konspekt
|
| 072 |
|
7 |
|a 37.016
|x Učebné osnovy. Vyučovacie predmety. Učebnice
|2 konspekt
|
| 080 |
|
|
|a 82.0
|2 2011
|
| 080 |
|
|
|a (075.3)
|2 2011
|
| 080 |
|
|
|a 82
|2 2011
|
| 080 |
|
|
|a 801.82
|2 2001
|
| 080 |
|
|
|a 801.6
|2 2001
|
| 080 |
|
|
|a 801.66
|2 2001
|
| 080 |
|
|
|a 801.67
|2 2011
|
| 080 |
|
|
|a 82-14
|2 2001
|
| 080 |
|
|
|a 82-2
|2 2011
|
| 080 |
|
|
|a 398
|2 2011
|
| 100 |
1 |
|
|a Plintovič, Ivan,
|d 1923-1997
|4 aut
|9 105428
|
| 245 |
1 |
0 |
|a Teória literatúry pre gymnáziá a stredné odborné školy
|c Ivan Plintovič, Eduard Gombala
|
| 250 |
|
|
|a 3. vyd.
|
| 260 |
|
|
|a Bratislava
|b Slovenské pedagogické nakladateľstvo
|c 1979
|
| 300 |
|
|
|a 153 strán
|c 20 cm
|
| 366 |
|
|
|e 29890 kusov
|
| 500 |
|
|
|a Poznámky
|
| 504 |
|
|
|a Bibliografia na strane 147-[148]. Vecný register na strane 149-153
|
| 650 |
0 |
7 |
|a teória literatúry
|2 SNKPH
|9 1238
|
| 650 |
0 |
7 |
|a literatúra
|2 SNKPH
|9 1427
|
| 650 |
0 |
7 |
|a literárne dielo
|2 SNKPH
|9 69506
|
| 650 |
0 |
7 |
|a verš
|2 SNKPH
|9 68029
|
| 650 |
0 |
7 |
|a rým
|2 SNKPH
|9 51561
|
| 650 |
0 |
7 |
|a rytmus (literatúra)
|2 SNKPH
|9 461188
|
| 650 |
0 |
7 |
|a strofy
|2 SNKPH
|9 106385
|
| 650 |
0 |
7 |
|a epika
|2 SNKPH
|9 24146
|
| 650 |
0 |
7 |
|a lyrika
|2 SNKPH
|9 70150
|
| 650 |
0 |
7 |
|a dráma
|2 SNKPH
|9 1489
|
| 650 |
0 |
7 |
|a ľudová slovesnosť
|2 SNKPH
|9 67005
|
| 655 |
|
7 |
|a učebnice stredných škôl
|2 SNKPH
|9 69323
|
| 700 |
1 |
|
|a Gombala, Eduard,
|d 1932-2019
|4 aut
|9 110729
|
| 852 |
|
|
|a Slovenská národná knižnica
|
| 954 |
|
|
|a odborná, vedecká literatúra cudzojazyčná (svetová)
|2 lita
|
| 958 |
|
|
|a RK
|
| 958 |
|
|
|a TL
|
| 958 |
|
|
|a OND
|
| 958 |
|
|
|a UC
|
| 958 |
|
|
|a NB
|
| 958 |
|
|
|a EUIPO
|
| 999 |
|
|
|c 723345
|d 725275
|
| 952 |
|
|
|t P60, <04>, [BOOK], {604}
|a SNK
|b SNK
|y VYP
|7 0
|p 17A0238374
|o snkSC 45641 D1
|0 0
|1 0
|4 0
|d 2000-05-09
|l 0
|r 2005-01-02 00:00:00
|w 2026-02-23
|
| 952 |
|
|
|a SNK
|b SNK
|y PREZ
|7 0
|p 17A0791863
|o snkSC 45641
|i snkKSP 929/79
|0 0
|1 0
|4 0
|d 2012-07-31
|f 1
|l 0
|r 2025-10-27 00:00:00
|w 2026-02-23
|